000 00323nam a22001337a 4500
008 171108b xxu||||| |||| 00| 0 eng d
020 _a021898624635
041 _aeng
080 _24TH
_a330.322
100 _a64
101 _aINV
245 _aTHE COMPLETE REAL ESTATE INVESTMENT HANDBOOK
_cSIRMANS,C.F
942 _2udc
_cBK
999 _c38238
_d38238